Normal view
MARC view
Entry Personal Name
001 - CONTROL NUMBER
- control field: 3152
003 - CONTROL NUMBER IDENTIFIER
- control field: ARRUPE
005 - DATE AND TIME OF LATEST TRANSACTION
- control field: 20131104174228.0
008 - FIXED-LENGTH DATA ELEMENTS
- fixed length control field: 131104|| aca||aabn | a|a d
040 ## - CATALOGING SOURCE
- Original cataloging agency: ARRUPE
- Transcribing agency: ARRUPE
100 ## - HEADING--PERSONAL NAME
- Personal name: Moreschini, Claudio.
670 ## - SOURCE DATA FOUND
- Source citation: Work cat.: (ARRUPE)0: Moreschini, Claudio., Early Christian Greek and Latin literature :, c2005.